Statistiken für Extremer Flaggen-Quiz

Klicken Sie hier um das Quiz zu spielen!

Allgemein

  • Dieses Quiz wurde 262 mal gespielt
  • Das Durchschnittsergebnis liegt bei 14 aus 16

Antwortstatistiken

Antwort% Korrekt
Türkei
99%
Finnland
97%
Japan
96%
Uruguay
94%
Vatikanstadt
94%
Georgien
93%
Elfenbeinküste
92%
San Marino
90%
Peru
89%
Barbados
84%
Usbekistan
84%
Somalia
82%
Madagaskar
79%
Myanmar
76%
Mauretanien
69%
Nauru
65%

Verteilung der Resultate

Perzentil nach korrekt beantworteten Fragen

Anzahl Personen mit jedem Resultat

Ihre Resultats-Entwicklung

Sie haben dieses Quiz noch nicht gespielt